000 00498nam a22001697a 4500
999 _c40950
_d40950
003 OSt
005 20210427122118.0
008 210427b ||||| |||| 00| 0 eng d
020 _a019563053X
040 _coclc
082 _a424
_bINT/E
100 _aInthira, S R
_96380
245 _aEnrich Your English : Communication Skills Workbook/
_cS R Inthira
260 _aNew Delhi:
_bOxford University Press
300 _a489 pages
942 _cBK
_2ddc
_h424
_iINT/E
_k424
_mINT/E